State Capitals Closest to Each Other - Statistics

General Stats
  • This quiz has been taken 41 times
  • The average score is 13 of 16
Answer Stats
State capital % Correct
Albany
100%
Boston
97%
Hartford
97%
Providence
97%
Annapolis
94%
Dover
94%
Concord
91%
Augusta
88%
Harrisburg
88%
Montpelier
88%
Trenton
88%
Richmond
85%
Carson City
59%
Sacramento
59%
Cheyenne
44%
Denver
44%
No matching quizzes found
Score Distribution
Percent of People with Each Score
Percentile by Number Answered
Your Score History
You have not taken this quiz